Images That Start with 'R' Quiz Stats

 Plays Quiz Updated Nov 6, 2018

Challenge
Share
Tweet
Score 0/20 Timer 04:00
32 Plays Today
% Correct
ruler
98.8%
raccoon
96.6%
roller coaster
96.3%
rake
95.5%
ribbon
95.4%
raisins
94.9%
rattlesnake
93.4%
razor
92.2%
rectangle
89.3%
rook
89.3%
% Correct
robin
89%
ruby
86.4%
radishes
85.1%
raven
83.3%
rifle
82.8%
rottweiler
78.2%
reindeer
71%
rhubarb
66.4%
rosemary
58.4%
rye
58.4%

You're not logged in!

Compare scores with friends on all Sporcle quizzes.
OR
Log In

You Might Also Like...

Show Comments

Extras

Top Quizzes Today


Score Distribution

Your Account Isn't Verified!

In order to create a playlist on Sporcle, you need to verify the email address you used during registration. Go to your Sporcle Settings to finish the process.

Report this User

Report this user for behavior that violates our Community Guidelines.

Details: